[Event "FIDE World Cup Mexico Qual (Women)"]
[Site "Mexico City"]
[Date "2021.05.28"]
[Round "4"]
[White "Benitez Lozano, Karla"]
[Black "De Dios Suarez, Mayra Valentina"]
[Result "1-0"]
[WhiteElo "1836"]
[BlackElo "1352"]
[PlyCount "113"]
[EventDate "2021.05.26"]
[EventType "swiss"]
[EventRounds "9"]
[EventCountry "MEX"]
[SourceTitle "CBM 202 Extra"]
[Source "ChessBase"]
[SourceDate "2021.07.31"]
[SourceVersion "1"]
[SourceVersionDate "2021.07.31"]
[SourceQuality "1"]

1. e4 e5 2. Nf3 Nf6 3. Nxe5 d6 4. Nf3 Nxe4 5. d4 d5 6. Bd3 Bd6 7. 0-0 0-0 8. h3 Nd7 9. Re1 f5 10. c3 c6 11. Nbd2 Re8 12. Nf1 b6 13. c4 Bb7 14. cxd5 cxd5 15. Ne3 g6 16. Qb3 Ndf6 17. Nf1 Qc7 18. Bg5 Nxg5 19. Nxg5 h6 20. Nf3 Kg7 21. Rac1 Qf7 22. Ne3 Ne4 23. Rc2 Rac8 24. Rec1 Rxc2 25. Rxc2 Re7 26. Bb5 Nf6 27. Bc6 Bxc6 28. Rxc6 Bf4 29. Nh4 Bxe3 30. fxe3 Re6 31. Rc3 Ne4 32. Rc2 g5 33. Nf3 Nf6 34. Ne5 Qb7 35. Rf2 Nd7 36. Nxd7 Qxd7 37. Rxf5 Rxe3 38. Rxg5+ hxg5 39. Qxe3 Kh6 40. g4 Kg6 41. Qe5 Qf7 42. Kg2 Qd7 43. Qh8 Qe6 44. Qh5+ Kf6 45. Qh6+ Kf7 46. Qxe6+ Kxe6 47. h4 gxh4 48. Kh3 Kf6 49. Kxh4 Kg6 50. g5 a6 51. Kg4 b5 52. Kf4 a5 53. Ke5 Kxg5 54. Kxd5 Kf5 55. Kc6 Ke6 56. d5+ Ke7 57. Kc7 1-0

[Event "FIDE World Cup Mexico Qual (Women)"]
[Site "Mexico City"]
[Date "2021.05.27"]
[Round "3"]
[White "De Dios Suarez, Mayra Valentina"]
[Black "Bojorquez Rodriguez, Helena"]
[Result "1-0"]
[WhiteElo "1352"]
[BlackElo "1560"]
[PlyCount "65"]
[EventDate "2021.05.26"]
[EventType "swiss"]
[EventRounds "9"]
[EventCountry "MEX"]
[SourceTitle "CBM 202 Extra"]
[Source "ChessBase"]
[SourceDate "2021.07.31"]
[SourceVersion "1"]
[SourceVersionDate "2021.07.31"]
[SourceQuality "1"]

1. e4 c6 2. Nf3 d5 3. Nc3 Bg4 4. h3 Bh5 5. exd5 cxd5 6. d4 Nf6 7. Bb5+ Nc6 8. g4 Bg6 9. Ne5 Rc8 10. h4 h6 11. Nxg6 fxg6 12. g5 hxg5 13. Bxg5 a6 14. Bd3 Kf7 15. Qd2 Qb6 16. 0-0-0 Nb4 17. Kb1 e6 18. f3 Nxd3 19. Qxd3 Rc4 20. Ne2 Bd6 21. Nf4 Bxf4 22. Bxf4 Rhc8 23. Rd2 Rb4 24. c3 Rbc4 25. Rg1 Ne8 26. Qxg6+ Ke7 27. Bg5+ Kd7 28. Qf7+ Kc6 29. Qxe6+ Nd6 30. Bf4 Rd8 31. Bxd6 Rxd6 32. Qe8+ Rd7 33. Rg6+ 1-0

[Event "FIDE World Cup Mexico Qual (Women)"]
[Site "Mexico City"]
[Date "2021.05.26"]
[Round "1"]
[White "De Dios Suarez, Mayra Valentina"]
[Black "Guillen Cristobal, Sandra Nayeli"]
[Result "0-1"]
[WhiteElo "1352"]
[BlackElo "1934"]
[PlyCount "110"]
[EventDate "2021.05.26"]
[EventType "swiss"]
[EventRounds "9"]
[EventCountry "MEX"]
[SourceTitle "CBM 202 Extra"]
[Source "ChessBase"]
[SourceDate "2021.07.31"]
[SourceVersion "1"]
[SourceVersionDate "2021.07.31"]
[SourceQuality "1"]

1. e4 c5 2. Nf3 Nc6 3. d4 cxd4 4. Nxd4 g6 5. c4 Bg7 6. Be3 Nf6 7. Nc3 d6 8. Be2 Bd7 9. 0-0 h5 10. f3 a5 11. Ndb5 0-0 12. Rc1 Ne5 13. Qd2 a4 14. Rfd1 Qa5 15. Nd5 Nxd5 16. Qxa5 Rxa5 17. Rxd5 Bc6 18. Rd2 Nxc4 19. Bxc4 Bxb5 20. Bb6 Ra6 21. Bxb5 Rxb6 22. Bxa4 Bh6 23. Rcc2 Bxd2 24. Rxd2 Rc8 25. Bb3 Rbc6 26. Kf2 Rc5 27. h3 Kg7 28. Ke3 Kf6 29. h4 Rc1 30. g3 Rg1 31. Kf2 Rcc1 32. Rd3 Rcf1+ 33. Ke2 Rb1 34. Kf2 Rh1 35. Kg2 Rhc1 36. Rd2 Rc5 37. Kf2 b5 38. Ke2 Rh1 39. Ke3 Rg1 40. Kf2 Rgc1 41. Ke3 Rh1 42. Re2 g5 43. hxg5+ Rxg5 44. Rg2 h4 45. f4 Rxg3+ 46. Rxg3 hxg3 47. Kf3 Rg1 48. Bd5 e6 49. Bc6 g2 50. Kg3 Rb1 51. Kxg2 Rxb2+ 52. Kf3 b4 53. Ba4 Rxa2 54. Bd1 b3 55. Bxb3 Ra3 0-1